000 00955nam a2200193 u 4500
001 000395035
003 AM-YeHGA
005 20250617132352.0
008 041213s1974 ||||||||||||||||||||rus d
040 _aAM-YeHGA
041 0 _arus
245 0 0 _aАвтомобилестроение :
_bСборник гос. и отраслевых стандартов и отраслевых нормалей /.
250 _aИзд. офиц.
260 _aМосква :
_bИзд-во стандартов,
_c1974-.
300 _aтом :
_bил.
505 1 0 _gТ. 1, Ч. 1 (1974, 280 с.)
_tАвтомобили, прицепы и полуприцепы;
_gТ. 1, Ч. 2 (1974, 351 с.)
_tАвтомобили, прицепы и полуприцепы;
_gТ. 1, Ч. 3 (1974, 339 с.)
_tАвтомобили, прицепы и полуприцепы;
_gТ. 2 (1977, 535 с.)
_tДвигатели;
650 1 4 _aАвтомобилестроение
090 _c151162
999 _c149772
_d149772